|
|
|
|
| LEADER |
00000nab a2200000 a 4500 |
| 001 |
vtls009964667 |
| 003 |
SK-MaSNL |
| 005 |
20260304154152.0 |
| 008 |
250507c2009 xo |r|p|||||||000 b|slo |
| 015 |
|
|
|a SNBRB2009/10
|2 snkbucl
|
| 035 |
|
|
|a (uuid)bb0ebc04-c230-47c8-a361-f7d98ea6377b
|
| 035 |
|
|
|a urn:nbn:sk:snk-ab9zqx
|
| 035 |
|
|
|a (urnnbn)urn:nbn:sk:snk:ar-a096kv
|
| 038 |
|
|
|a SNKBUCL
|
| 040 |
|
|
|a SNKBUCL
|b slo
|c SNKBUCL
|e AACR2
|
| 041 |
0 |
|
|a slo
|
| 044 |
|
|
|a xo
|c SK
|
| 080 |
|
|
|a 82.09:821.162.4-32
|2 2001
|
| 080 |
|
|
|a 821.162.4-32.09
|2 2001
|
| 100 |
1 |
|
|a Zając, Izabela,
|d 1981-
|4 aut
|9 371086
|
| 245 |
1 |
0 |
|a O transgresii v raných poviedkach Dušana Mitanu
|c Izabela Zając
|
| 300 |
|
|
|b Kresba
|
| 504 |
|
|
|a Bibliogr. odkazy v poznámkach
|
| 504 |
|
|
|a Literatúra
|
| 600 |
1 |
7 |
|a Mitana, Dušan,
|d 1946-2019
|t Nočné správy
|2 snkbucl
|9 184377
|
| 600 |
1 |
7 |
|a Mitana, Dušan,
|d 1946-2019
|t Psie dni
|2 snkbucl
|9 184378
|
| 648 |
|
7 |
|a 20. stor., 70. r.
|2 snkbucl
|9 657093
|
| 650 |
0 |
7 |
|a poviedky
|2 snkbucl
|9 268203
|
| 650 |
0 |
7 |
|a transgresia
|2 snkbucl
|9 1478553
|
| 655 |
|
7 |
|a štúdie
|2 snkbucl
|9 57033
|
| 773 |
0 |
|
|t RAK
|g Roč. XIV, č. 8 (2009), s. 30-35
|x 1335-1702
|
| 850 |
|
|
|a Slovenská národná knižnica
|
| 852 |
|
|
|a Slovenská národná knižnica
|
| 958 |
|
|
|a article13
|
| 958 |
|
|
|a OND
|
| 958 |
|
|
|a LX
|
| 958 |
|
|
|a SK
|
| 958 |
|
|
|a NB
|
| 958 |
|
|
|a PETRIKBcio/2009
|
| 958 |
|
|
|a EUIPO
|
| 999 |
|
|
|c 2956470
|d 2958400
|